<?xml version="1.0" encoding="UTF-8"?>
<collection xmlns="http://www.loc.gov/MARC21/slim">
    <record>
        <controlfield tag="001">65830</controlfield>
        <controlfield tag="005">20180223094320.0</controlfield>
        <datafield tag="037" ind1=" " ind2=" ">
            <subfield code="a">GDOC-2016-25322</subfield>
        </datafield>
        <datafield tag="041" ind1=" " ind2=" ">
            <subfield code="a">spa</subfield>
        </datafield>
        <datafield tag="100" ind1=" " ind2=" ">
            <subfield code="0">(orcid)0000-0002-0541-438X</subfield>
            <subfield code="1">391429</subfield>
            <subfield code="a">Silva Echeto, Victor Manuel</subfield>
        </datafield>
        <datafield tag="245" ind1="0" ind2="0">
            <subfield code="9">25322</subfield>
            <subfield code="a">Géneros informativos en TV</subfield>
        </datafield>
        <datafield tag="242" ind1="0" ind2="0">
            <subfield code="9">25322</subfield>
            <subfield code="a">The news programme on the television</subfield>
        </datafield>
        <datafield tag="260" ind1=" " ind2=" ">
            <subfield code="a">Zaragoza</subfield>
            <subfield code="b">Universidad de Zaragoza</subfield>
            <subfield code="c">2016-2017</subfield>
        </datafield>
        <datafield tag="520" ind1=" " ind2=" ">
            <subfield code="a">Breve presentación de la asignatura
La asignatura que nos ocupa, de carácter obligatorio, tiene como finalidad profundizar en las características particulares de la información en televisión, en sus reglas de comunicación y en su forma particular de estructurar los mensajes. Además, se concreta en las pautas de elaboración de los diferentes géneros informativos televisivos desde el prisma de la calidad –forma y contenido-, en virtud de una correcta adecuación técnica –recursos-. Supone la parte teórica y analítica del aprendizaje inicial del medio televisivo, que se encuentra claramente coordinada con la parte práctica, la cual corresponde a la asignatura de “Producción de informativos en televisión”, también instaurada en segundo curso del Grado.</subfield>
            <subfield code="b"> </subfield>
        </datafield>
        <datafield tag="521" ind1=" " ind2=" ">
            <subfield code="9">105</subfield>
            <subfield code="a">Periodismo</subfield>
        </datafield>
        <datafield tag="540" ind1=" " ind2=" ">
            <subfield code="a">by-nc-sa</subfield>
            <subfield code="b">Creative Commons</subfield>
            <subfield code="c">3.0</subfield>
            <subfield code="u">http://creativecommons.org/licenses/by-nc-sa/3.0/</subfield>
        </datafield>
        <datafield tag="830" ind1=" " ind2=" ">
            <subfield code="9">272</subfield>
        </datafield>
        <datafield tag="856" ind1="4" ind2=" ">
            <subfield code="s">22575</subfield>
            <subfield code="u">http://zaguan.unizar.es/record/65830/files/guia-25322-es.pdf</subfield>
            <subfield code="y">Guía (idioma español)</subfield>
        </datafield>
        <datafield tag="856" ind1="4" ind2=" ">
            <subfield code="s">9373</subfield>
            <subfield code="u">http://zaguan.unizar.es/record/65830/files/guia-25322-en.pdf</subfield>
            <subfield code="y">Guide (english)</subfield>
        </datafield>
        <datafield tag="970" ind1=" " ind2=" ">
            <subfield code="a">GDOC-2016-25322</subfield>
        </datafield>
        <datafield tag="980" ind1=" " ind2=" ">
            <subfield code="a">GDOC</subfield>
            <subfield code="b">Ciencias sociales y jurídicas</subfield>
            <subfield code="c">103</subfield>
        </datafield>
    </record>

    
</collection>